000 00677nam a2200241Ia 4500
008 160803s9999 xx 000 0 und d
020 _a0 590425048
100 _aHavill, Juanita
245 _aJamaica's find /
245 _cJuanita Havill ; illustrations by Anne Sibley O'Brien.
260 _aNew York :
260 _bScholastic Inc.
260 _c1986
300 _a32 pages :
300 _bcolor illustrations ;
300 _c21 x 23 cm.
500 _aOriginally published: Boston : Houghton Mifflin, c2009.
650 _aAfrican Americans --
650 _aLost and found possessions --
650 _xFiction.
650 _xFiction.
700 _a460
999 _c299339
_d299339